01170nab a22002177a 4500999001500000003000400015005001700019008004100036040000700077100003000084245010500114300001400219505043000233505007200663650002800735650003500763650002000798650001700818773010400835942001300939 c5783d5783OSt20260106134623.0190514b xxu||||| |||| 00| 0 spa d cPJ 96145aOssola, Federico A.10aAcción de fraude entre cónyuges : bprocedencia, efectos y prescripción /cFederico A. Ossola. ap. 93-106 aSumario: I. El marco en el que se desenvuelve el tema en análisis.— II. Una nueva norma.— III. Se trata de un caso específico de fraude a la ley.— IV. Lo esencial: la causa final del acto y su efecto. ¿Debe acreditarse el dolo?— V. Actos comprendidos en la figura.— VI. Aspectos temporales.— VII. Algunas particularidades de la acción.— VIII. Efectos de la acción.— IX. Prescripción de la acción. tSi te interesa el texto, comunicate a koha@justierradelfuego.gov.ar 09967aDERECHO DE FAMILIA 0aCODIGO CIVIL Y COMERCIAL91497 0aCÓNYUGE95369 0aFRAUDE910420 0284493222dBuenos Aires : AbeledoPerrot, 1989-tDerecho de familia. N° 115 - Julio 2024z18511201 2udccANA